| 000 | 01058cab a2200265 4500 | ||
|---|---|---|---|
| 001 | ABS54392 | ||
| 008 | 090401t1995 xxu||||| |||| 00| 0 eng d | ||
| 035 | _a(Sirsi) u10087 | ||
| 041 | _aeng | ||
| 100 | _aChau, K. | ||
| 245 | _aValuation of real estate assets in China | ||
| 260 | _c1995 | ||
| 350 | _a0 | ||
| 490 |
_aJournal of Property Valuation and Investment _v13(5) 1995, 50-66(17) |
||
| 520 | _aLooks at the different approaches adopted by valuers in Hong Kong for the valuation of real estate assets in the People`s Republic of China, for the purpose of listing in Hong Kong. Outlines the problems of valuing real estate, including legal restraints, separate valuation of land and buildings and the role of the HK Stock Exchange. (Discusses practice to the end of 1993). | ||
| 650 | _aASSET VALUATION | ||
| 650 | _aCHINA | ||
| 650 | _aPEOPLES REPUBLIC OF CHINA | ||
| 650 | _aVALUATION APPROACH | ||
| 690 | _aOVERSEAS-REST OF THE WORLD | ||
| 690 | _aRATING AND VALUATION | ||
| 700 | _aWai Lai, | ||
| 942 | _n0 | ||
| 948 | _c04/03/1997 | ||
| 999 |
_c6339 _d6339 |
||